Las mentiras científicas sobre las mujeres /

Estudio sobre el rol y la presencia de las mujeres en la ciencia, sea como sujeto o como objeto de estudio. Se plantea el objetivo de exponer y visibilizar algunos estudios de caso presentes en campos y disciplinas diversos, que problematizan lo que se presentan como verdades científicas y con ello...

Fuld beskrivelse

Guardado en:
Bibliografiske detaljer
Hovedforfatter: Pérez Sedeño, Eulalia (autor)
Andre forfattere: García Dauder, Dau (autor) (autor), Sansón, Angi (voz) (voz)
Format: Bog
Sprog:spansk
Udgivet: Copenhague, Dinamarca : Saga Egmont, 2022, c2022
Fag:
Online adgang:Ver documento en línea
Tags: Tilføj Tag
Ingen Tags, Vær først til at tagge denne postø!

MARC

LEADER 00000nam^a2200000^a^4500
001 000452968
005 20251023000000.0
009 20260310123850.048
022 |a 9788726993264 
037 |a Acervo ITESO - Biblioteca 
041 |a SON 
041 |a ESP 
082 |a 305. 421  |b PER 
100 |a Pérez Sedeño, Eulalia  |e (autor) 
245 1 4 |a Las mentiras científicas sobre las mujeres /  |c E. Pérez Sedeño, D. García Dauder ; voz A. Sansón. 
264 4 |a Copenhague, Dinamarca :  |b Saga Egmont,  |c 2022, c2022 
264 2 |a Cartagena, España :  |b Odilo [distribución],  |c 2022 
300 |a 1 audiolibro en línea (529 minutos) 
300 |a 1 recurso en línea 
336 |a datos para computadora  |b cod  |2 rdacontenido 
337 |a computadora  |b c  |2 rdamedio 
338 |a recurso en línea  |b cr  |2 rdasoporte 
506 1 |a 1 licencia 
520 |a Estudio sobre el rol y la presencia de las mujeres en la ciencia, sea como sujeto o como objeto de estudio. Se plantea el objetivo de exponer y visibilizar algunos estudios de caso presentes en campos y disciplinas diversos, que problematizan lo que se presentan como verdades científicas y con ello ofrecer herramientas analíticas y pedagógicas para detectar diferentes sesgos de género en ciencia, tanto respecto a la producción de conocimiento y sus aplicaciones, como en relación con sus omisiones e ignorancias. 
521 |a Odilo 2022 DIA 
546 |a Edición sonora con voz en español 
649 |a XX 
650 |a Mujeres -  |x Condiciones Sociales y Culturales -  |x Tema Principal 
650 |a Sexualidad 
650 |a Género 
650 |a Diferencia y Otredad 
650 |a Igualdad y Desigualdad 
650 |a Androcentrismo -  |x Tema Principal 
650 |a Ciencia -  |x Historia -  |x Tema Principal 
650 |a Sociología de la Ciencia 
700 |a García Dauder, Dau  |e (autor) 
700 |a Sansón, Angi  |e (voz) 
856 4 0 |u https://iteso-odilotk-es.ezproxy.iteso.mx/info/02717517  |y Ver documento en línea 
910 |a Fondo General 
920 |a Electrónicos - Audiolibros en Línea 
930 |a Plataforma Digital 
905 |a 208 
901 |a 452968-1  |b IT2  |c ABO  |i C180514  |u 20250521 
902 |a https://opac.biblio.iteso.mx/vufind/Record/000452968